Alle Zahlen von 1-500 - Statistiken

Allgemein
  • Dieses Quiz wurde 130 mal gespielt
  • Das Durchschnittsergebnis liegt bei 211 aus 500
Antwortstatistiken
Antwort % Korrekt
1
100%
2
100%
3
99%
4
99%
5
99%
6
99%
7
99%
8
99%
9
99%
10
96%
11
95%
12
95%
13
95%
14
93%
15
92%
16
92%
17
90%
18
90%
21
90%
28
90%
19
89%
22
89%
23
89%
24
87%
25
87%
29
87%
44
87%
26
86%
27
86%
31
86%
32
86%
35
86%
20
85%
33
85%
45
85%
50
85%
36
83%
37
83%
46
83%
55
83%
34
82%
42
82%
47
82%
30
81%
43
81%
49
81%
38
80%
39
80%
40
80%
48
80%
54
80%
64
80%
41
79%
52
79%
53
79%
61
79%
67
79%
56
77%
57
77%
58
77%
66
77%
72
77%
51
76%
59
76%
63
76%
65
76%
71
76%
77
76%
60
75%
62
75%
73
75%
76
75%
87
75%
88
75%
68
74%
74
74%
81
74%
86
74%
99
74%
78
73%
82
73%
83
73%
69
71%
70
71%
84
71%
92
71%
100
70%
75
70%
80
70%
85
70%
89
70%
90
70%
94
70%
95
70%
98
70%
91
69%
93
69%
79
68%
96
68%
111
67%
97
67%
101
64%
104
63%
102
62%
103
62%
105
61%
112
61%
113
61%
114
61%
116
61%
106
60%
115
60%
117
60%
123
60%
110
58%
118
58%
119
58%
107
57%
108
57%
109
57%
120
57%
121
56%
124
55%
122
54%
125
51%
131
51%
135
51%
127
50%
128
50%
129
50%
132
50%
133
50%
134
50%
136
50%
126
49%
137
49%
138
49%
143
49%
130
48%
139
48%
141
48%
142
48%
145
48%
200
48%
140
46%
150
46%
154
46%
161
46%
222
46%
146
45%
152
45%
155
45%
156
45%
167
45%
171
45%
144
44%
147
44%
148
44%
149
44%
157
44%
158
44%
159
44%
160
44%
162
44%
163
44%
165
44%
166
44%
151
43%
153
43%
164
43%
168
43%
169
43%
170
42%
172
42%
333
40%
173
39%
174
39%
175
39%
177
39%
181
39%
182
39%
199
39%
444
39%
176
38%
178
38%
179
38%
180
38%
188
38%
190
38%
191
38%
197
38%
198
38%
183
37%
184
37%
192
37%
193
37%
194
37%
195
37%
196
37%
201
37%
202
37%
300
37%
185
36%
186
36%
187
36%
189
36%
203
36%
205
36%
208
36%
225
36%
231
36%
232
36%
237
36%
243
36%
250
36%
500
36%
204
35%
206
35%
207
35%
209
35%
210
35%
211
35%
212
35%
214
35%
226
35%
228
35%
242
35%
244
35%
245
35%
213
33%
215
33%
220
33%
221
33%
223
33%
224
33%
229
33%
230
33%
233
33%
234
33%
235
33%
238
33%
239
33%
252
33%
282
33%
400
33%
217
32%
218
32%
227
32%
236
32%
240
32%
241
32%
246
32%
247
32%
249
32%
266
32%
216
31%
219
31%
248
31%
251
31%
254
31%
255
31%
257
31%
258
31%
260
31%
262
31%
265
31%
284
31%
292
31%
334
31%
253
30%
256
30%
259
30%
261
30%
264
30%
272
30%
273
30%
275
30%
286
30%
289
30%
313
30%
450
30%
499
30%
263
29%
267
29%
268
29%
269
29%
270
29%
271
29%
274
29%
276
29%
277
29%
278
29%
283
29%
288
29%
290
29%
291
29%
298
29%
299
29%
301
29%
304
29%
314
29%
335
29%
350
29%
353
29%
354
29%
355
29%
422
29%
424
29%
279
27%
280
27%
281
27%
285
27%
287
27%
293
27%
294
27%
295
27%
296
27%
297
27%
302
27%
303
27%
305
27%
306
27%
307
27%
309
27%
311
27%
312
27%
315
27%
318
27%
319
27%
321
27%
323
27%
325
27%
331
27%
345
27%
352
27%
356
27%
357
27%
358
27%
365
27%
410
27%
412
27%
414
27%
421
27%
423
27%
425
27%
456
27%
308
26%
310
26%
316
26%
317
26%
320
26%
322
26%
327
26%
328
26%
330
26%
332
26%
337
26%
338
26%
340
26%
342
26%
344
26%
346
26%
351
26%
359
26%
360
26%
364
26%
366
26%
368
26%
369
26%
370
26%
378
26%
388
26%
399
26%
401
26%
402
26%
408
26%
413
26%
420
26%
433
26%
434
26%
440
26%
448
26%
495
26%
497
26%
498
26%
324
25%
326
25%
329
25%
336
25%
339
25%
341
25%
343
25%
347
25%
348
25%
349
25%
361
25%
362
25%
363
25%
367
25%
371
25%
372
25%
373
25%
376
25%
377
25%
380
25%
381
25%
382
25%
383
25%
390
25%
398
25%
403
25%
404
25%
405
25%
406
25%
407
25%
409
25%
411
25%
416
25%
419
25%
428
25%
429
25%
430
25%
443
25%
446
25%
449
25%
454
25%
455
25%
457
25%
459
25%
463
25%
496
25%
374
24%
375
24%
379
24%
384
24%
385
24%
386
24%
387
24%
389
24%
391
24%
392
24%
393
24%
394
24%
395
24%
396
24%
397
24%
415
24%
417
24%
418
24%
426
24%
427
24%
432
24%
436
24%
437
24%
439
24%
441
24%
442
24%
445
24%
447
24%
458
24%
460
24%
470
24%
480
24%
488
24%
490
24%
494
24%
431
23%
435
23%
438
23%
451
23%
453
23%
461
23%
464
23%
465
23%
467
23%
468
23%
469
23%
478
23%
479
23%
484
23%
489
23%
492
23%
493
23%
452
21%
462
21%
466
21%
471
21%
472
21%
473
21%
474
21%
475
21%
476
21%
477
21%
481
21%
482
21%
483
21%
485
21%
486
21%
487
21%
491
21%
Keine übereinstimmenden Quizze gefunden
Verteilung der Resultate
Anzahl Personen mit jedem Resultat
Perzentil nach korrekt beantworteten Fragen
Ihre Resultats-Entwicklung
Sie haben dieses Quiz noch nicht gespielt